ब्लँक टायगर (Record no. 324889)
[ view plain ]
| 000 -LEADER | |
|---|---|
| fixed length control field | 00543nam a2200157Ia 4500 |
| 008 - FIXED-LENGTH DATA ELEMENTS--GENERAL INFORMATION | |
| fixed length control field | 090711s9999 xx 000 0 und d |
| 082 ## - DEWEY DECIMAL CLASSIFICATION NUMBER | |
| Item number | 1404 |
| 100 ## - MAIN ENTRY--PERSONAL NAME | |
| Personal name | पोखरकर प्रशंात |
| 245 ## - TITLE STATEMENT | |
| Title | ब्लँक टायगर |
| 260 ## - PUBLICATION, DISTRIBUTION, ETC. (IMPRINT) | |
| Name of publisher, distributor, etc | पुष्प प्रकाशन प्रा. लि. |
| 600 ## - SUBJECT ADDED ENTRY--PERSONAL NAME | |
| Personal name | पोखरकर प्रशंात |
| 630 ## - SUBJECT ADDED ENTRY--UNIFORM TITLE | |
| Uniform title | ब्लँक टायगर |
| 700 ## - ADDED ENTRY--PERSONAL NAME | |
| Personal name | पोखरकर प्रशंात |
| 730 ## - ADDED ENTRY--UNIFORM TITLE | |
| Uniform title | ब्लँक टायगर |
| 942 ## - ADDED ENTRY ELEMENTS (KOHA) | |
| Koha item type | Book |
No items available.